000 00679cam a2200217 a 4500
001 000018294
005 20200929165436.0
008 740115s1973 fr 000 f fre d
035 _a(DLC) 73180839
040 _aDO-SdBNP
_bspa
_cDLC
_dDLC
_dBNPHU
082 _a843.914
_bC524ó
100 1 _aChessex, Jacques,
_d1934-2009.
_939618
245 1 2 _aL'ogre :
_broman /
_cJacques Chessex ; editor Bernard Grasset.
260 _aParís :
_bBernard Grasset,
_c1973.
300 _a235 p. ;
_c21 cm.
650 4 _aNovela suiza
_913268
650 4 _aLiteratura suiza
_ySIGLO XX
_932948
700 1 _aGasset, Bernard,
_eed.
_939619
910 _aCatalogación por copia / LC
049 _aBNGR
999 _c17815
_d17815